Loading...
| Fine Arts - Classical Music | 3 | 13.33 | 67% | 33% | 33% |
| Fine Arts - Visual Fine Arts | 3 | 10.00 | 67% | 0% | 33% |
| History - American History | 3 | 10.00 | 67% | 33% | 0% |
| History - European History | 3 | 10.00 | 33% | 33% | 33% |
| History - Other History | 2 | 5.00 | 50% | 0% | 0% |
| Literature - American Literature | 3 | 10.00 | 33% | 67% | 0% |
| Literature - British Literature | 2 | 0.00 | 0% | 0% | 0% |
| Literature - European Literature | 3 | 3.33 | 33% | 0% | 0% |
| Literature - World/Other Literature | 2 | 15.00 | 100% | 0% | 50% |
| Mythology | 5 | 10.00 | 60% | 40% | 0% |
| Other Academic | 2 | 15.00 | 50% | 50% | 50% |
| Philosophy | 2 | 10.00 | 50% | 50% | 0% |
| Religion | 3 | 6.67 | 33% | 33% | 0% |
| Science - Biology | 2 | 5.00 | 0% | 0% | 50% |
| Science - Chemistry | 2 | 10.00 | 50% | 50% | 0% |
| Science - Other Science | 2 | 10.00 | 100% | 0% | 0% |
| Social Science | 2 | 20.00 | 50% | 100% | 50% |